Normal view
MARC view
- U.S Army
Entry Personal Name
001 - CONTROL NUMBER
- control field: 42453
003 - CONTROL NUMBER IDENTIFIER
- control field: NUST
005 - DATE AND TIME OF LATEST TRANSACTION
- control field: 20210314132320.0
008 - FIXED-LENGTH DATA ELEMENTS
- fixed length control field: 210314|| aca||aabn | a|a d
040 ## - CATALOGING SOURCE
- Original cataloging agency: NUST
- Transcribing agency: NUST
100 ## - HEADING--PERSONAL NAME
- Personal name: U.S Army
670 ## - SOURCE DATA FOUND
- Source citation: Work cat.: (NUST): U.S Army, User's guide: computer program for bearing capacity analyses of shallow foundations (CBEAR)
